|
|
|
|
| LEADER |
01651nam a2200433 a 4500 |
| 001 |
EBC3443337 |
| 003 |
MiAaPQ |
| 005 |
20200520144314.0 |
| 006 |
m o d | |
| 007 |
cr cn||||||||| |
| 008 |
071218s2008 txua sb s001 0 eng |
| 010 |
|
|
|z 2007051720
|
| 015 |
|
|
|a GBA854069
|2 bnb
|
| 016 |
7 |
|
|z 014583642
|2 Uk
|
| 020 |
|
|
|z 9780292717855 (cl. : alk. paper)
|
| 020 |
|
|
|z 0292717857 (cl. : alk. paper)
|
| 035 |
|
|
|a (MiAaPQ)EBC3443337
|
| 035 |
|
|
|a (Au-PeEL)EBL3443337
|
| 035 |
|
|
|a (CaPaEBR)ebr10245834
|
| 035 |
|
|
|a (OCoLC)234183000
|
| 040 |
|
|
|a MiAaPQ
|c MiAaPQ
|d MiAaPQ
|
| 043 |
|
|
|a n-us---
|
| 050 |
|
4 |
|a HG2563
|b .A94 2008
|
| 082 |
0 |
4 |
|a 332.1/10973
|2 22
|
| 084 |
|
|
|a 83.50
|2 bcl
|
| 100 |
1 |
|
|a Auerbach, Robert D.
|
| 245 |
1 |
0 |
|a Deception and abuse at the Fed
|h [electronic resource] :
|b Henry B. Gonzalez battles Alan Greenspan's Bank /
|c Robert D. Auerbach.
|
| 250 |
|
|
|a 1st ed.
|
| 260 |
|
|
|a Austin :
|b University of Texas Press,
|c 2008.
|
| 300 |
|
|
|a xii, 271 p. :
|b ill.
|
| 504 |
|
|
|a Includes bibliographical references (p. [255]-260) and index.
|
| 533 |
|
|
|a Electronic reproduction. Ann Arbor, MI : ProQuest, 2015. Available via World Wide Web. Access may be limited to ProQuest affiliated libraries.
|
| 600 |
1 |
0 |
|a Greenspan, Alan,
|d 1926-
|
| 600 |
1 |
0 |
|a Gonzalez, Henry B.
|q (Henry Barbosa),
|d 1916-2000.
|
| 610 |
2 |
0 |
|a Board of Governors of the Federal Reserve System (U.S.)
|
| 650 |
|
0 |
|a Governmental investigations
|z United States
|v Case studies.
|
| 655 |
|
4 |
|a Electronic books.
|
| 710 |
2 |
|
|a ProQuest (Firm)
|
| 856 |
4 |
0 |
|u https://ebookcentral.proquest.com/lib/matrademy/detail.action?docID=3443337
|z Click to View
|